000 00699nam a2200205 a 4500
001 000024272
005 20200930022851.0
008 110125s1961 xxuac r 001 0 spa d
040 _aDO-SdBNP
_bspa
_cBNPHU
082 _axxxxx
_bM478m
100 1 _aMcSwain, E. T.
_949821
245 1 0 _aMatemáticas :
_boctavo grado /
_cE. T. McSwain , Louis E. Ulrich , Ralph J. Cooke ; traducción Claudio Prieto.
260 _aIllinois, Estados Unidos :
_bLaidlaw Brothers,
_c1961.
300 _a304 p. :
_bil., retrs. ;
_c23.5 cm.
500 _aIncluye índice alfabético.
700 1 _aUlrich, Louis E.
_949822
700 1 _aCooke, Ralph J.
_949823
700 1 _aPrieto, Claudio,
_etr.
_949824
049 _aBNGR
999 _c23766
_d23766